Využívanie nudge (pozitívne ovplyvňovanie) na zvyšovanie efektivity vo verejnom sektore diplomová práca
Saved in:
| Main Author: | |
|---|---|
| Corporate Author: | |
| Other Authors: | |
| Format: | Book |
| Language: | Slovak |
| Published: |
Bratislava
2018
|
| Tags: |
No Tags, Be the first to tag this record!
|
MARC
| LEADER | 00000nbm a2200000 4500 | ||
|---|---|---|---|
| 001 | 0244413 | ||
| 005 | 20181126104938.4 | ||
| 041 | 0 | |a slo | |
| 044 | |a SK | ||
| 245 | 1 | 0 | |a Využívanie nudge (pozitívne ovplyvňovanie) na zvyšovanie efektivity vo verejnom sektore |b diplomová práca |c Marek Mihál ; školiteľ: Jana Péliová |
| 264 | 1 | |a Bratislava |c 2018 | |
| 300 | |a 58 s. | ||
| 100 | 1 | |a Mihál, Marek | |
| 700 | 1 | |a Péliová, Jana, 1976- | |
| 710 | 2 | |a Národohospodárska fakulta EU. Katedra financií | |